Veterinary dentistry : a team approach (Record no. 86054)

MARC details
000 -LEADER
fixed length control field 00277 a2200109 4500
000 - LEADER
fixed length control field nam a22 7a 4500
020 ## - INTERNATIONAL STANDARD BOOK NUMBER
International Standard Book Number 9780323485272
100 ## - MAIN ENTRY--PERSONAL NAME
Personal name Holmstrom, Steven E.
245 ## - TITLE STATEMENT
Title Veterinary dentistry : a team approach
250 ## - EDITION STATEMENT
Edition statement Third edition.
260 ## - PUBLICATION, DISTRIBUTION, ETC.
Name of publisher, distributor, etc. Elsevier,
Date of publication, distribution, etc. 2019

No items available.